01283nas a22002297a 4500999001700000005001700017007001200034008004100046022001400087040000900101082001500110245007700125260002000202300001600222310001400238365001600252500063300268650005400901655002000955856004900975942002901024 c40808d4080820200515093556.0cz aa aaaaa200428c q||poo|||| 00| 0 eng d a2631-7990 coclc a530bJOU/P a International Journal of Extreme Manufacturinghe-Journal (Open Access) bIOP Publishing, aPDF(online) aQuarterly eOpen Access aThe International Journal of Extreme Manufacturing is a new multidisciplinary journal uniquely covering the areas related to extreme manufacturing. The journal is devoted to publishing original research of the highest quality and impact in the areas related to extreme manufacturing, ranging from fundamentals to process, metrology, conditions, environments, and system integration. The journal is supported by Institute of Machinery Manufacturing Technology, China Academy of Engineering Physics; Dalian University of Technology; Fudan University; and the Research Center of Laser Fusion, China Academy of Engineering Physics. 092317aNatural sciences & mathematicsvPhysics 092257ae-Journal uhttps://iopscience.iop.org/journal/2631-7990 2ddccEJh530k530mJOU/P